বাংলা সাহিত্যে মোহিতলাল / (Record no. 38786)
[ view plain ]
| 000 -LEADER | |
|---|---|
| fixed length control field | 00889nam a2200229 a 4500 |
| 001 - CONTROL NUMBER | |
| control field | 38786 |
| 003 - CONTROL NUMBER IDENTIFIER | |
| rucl marc code | BD-RjUL |
| 005 - DATE AND TIME OF LATEST TRANSACTION | |
| control field | 20211209052848.0 |
| 008 - FIXED-LENGTH DATA ELEMENTS--GENERAL INFORMATION | |
| fixed length control field | 160228s1978 ii ||||| |||| 00| 0 ben d |
| 035 ## - SYSTEM CONTROL NUMBER | |
| System control number | (BD-RjUL)38895 |
| 040 ## - CATALOGING SOURCE | |
| Original cataloging agency | BD-RjUL |
| Language of cataloging | eng |
| Transcribing agency | BD-RjUL |
| 041 ## - LANGUAGE CODE | |
| Language code of text/sound track or separate title | ben |
| 082 ## - DEWEY DECIMAL CLASSIFICATION NUMBER | |
| Edition number | 23 |
| Classification number | 891.4409 |
| Author mark and year | KHB 1978 |
| 100 ## - MAIN ENTRY--PERSONAL NAME | |
| Personal name | খান, আজহারউদ্দীন |
| 9 (RLIN) | 119647 |
| 245 ## - TITLE STATEMENT | |
| Title | বাংলা সাহিত্যে মোহিতলাল / |
| Statement of responsibility, etc. | আজহারউদ্দীন খান |
| 250 ## - EDITION STATEMENT | |
| Edition statement | ২য় সং. |
| 260 ## - PUBLICATION, DISTRIBUTION, ETC. (IMPRINT) | |
| Place of publication, distribution, etc. | কলিকাতা : |
| Name of publisher, distributor, etc. | জিজ্ঞাসা, |
| Date of publication, distribution, etc. | ১৯৭৮ |
| 300 ## - PHYSICAL DESCRIPTION | |
| Pagination | viii, ২৮৩ পৃ. ; |
| Size | ২২ সেমি. |
| 650 ## - SUBJECT ADDED ENTRY--TOPICAL TERM | |
| Topical term or geographic name as entry element | বাংলা সাহিত্য |
| General subdivision | ইতিহাস ও সমালোচনা |
| 9 (RLIN) | 118060 |
| Topical term or geographic name as entry element | Bengali literature |
| General subdivision | History and criticism. |
| 9 (RLIN) | 117020 |
| 942 ## - ADDED ENTRY ELEMENTS (KOHA) | |
| Source of classification or shelving scheme | Dewey Decimal Classification |
| Koha item type | Books |
| Lost status | Source of classification or shelving scheme | Damaged status | Not for loan | Collection code | Permanent Location | Current Location | Shelving location | Date acquired | Source of acquisition | Cost, normal purchase price | Total Checkouts | Total Renewals | Full call number | Date last seen | Date checked out | Copy number | Koha item type |
|---|---|---|---|---|---|---|---|---|---|---|---|---|---|---|---|---|---|
| Dewey Decimal Classification | Non-fiction | Central Library, University of Rajshahi | Central Library, University of Rajshahi | 22/11/1979 | Kolikata, India International | 20.00 | 5 | 1 | B 891.4409 KHB 1978 | 04/12/2018 | 26/11/2018 | C-2 | Books | ||||
| Dewey Decimal Classification | Non-fiction | Central Library, University of Rajshahi | Central Library, University of Rajshahi | 22/10/1979 | Kolikata, India International | 20.00 | 1 | B 891.4409 KHB 1978 | 16/08/2017 | 03/08/2017 | C-3 | Books | |||||
| Dewey Decimal Classification | Not For Loan | Non-fiction | Central Library, University of Rajshahi | Central Library, University of Rajshahi | Reading Room | 22/11/1979 | kolikata india | 20.00 | B 891.4409 KHB 1978 | 19/02/2017 | C-1 | Books |